[Event "HZ Chess Tournament 2024"]
[Site "Vlissingen, Netherlands"]
[Date "2024.08.06"]
[Round "5.1"]
[White "Setyaki, Azarya Jodi"]
[Black "Ter-Sahakyan, Samvel"]
[Result "0-1"]
[WhiteElo "2370"]
[BlackElo "2609"]
[PlyCount "58"]

1. e4 c5 2. Nf3 d6 3. d4 cxd4 4. Nxd4 Nf6 5. Nc3 a6 6. Qd3 e6 7. g4 Nxg4 8. Rg1
Nf6 9. Bg5 h6 10. Bd2 b5 11. Bg2 Nbd7 12. f4 Nc5 13. Qe3 b4 14. Nce2 Bb7 15. e5
Nd5 16. Bxd5 Bxd5 17. O-O-O Qb6 18. exd6 O-O-O 19. a3 a5 20. f5 Bxd6 21. fxe6
bxa3 22. b3 Nxe6 23. Nxe6 Qxe3 24. Bxe3 fxe6 25. Bf4 e5 26. Rxd5 exf4 27. Rxa5
f3 28. Nc3 f2 29. Rf1 Rhe8 0-1

[Event "HZ Chess Tournament 2024"]
[Site "Vlissingen, Netherlands"]
[Date "2024.08.06"]
[Round "5.2"]
[White "Tarigan, Gilbert Elroy"]
[Black "Pavlidis, Antonios"]
[Result "0-1"]
[WhiteElo "2359"]
[BlackElo "2566"]
[PlyCount "158"]

1. d4 Nf6 2. Nf3 g6 3. g3 Bg7 4. Bg2 O-O 5. O-O d5 6. c4 dxc4 7. Na3 c3 8. bxc3
c5 9. Bb2 Nc6 10. e3 Bf5 11. Qe2 Be4 12. Nc4 cxd4 13. exd4 b5 14. Ncd2 Bd5 15.
a4 a6 16. axb5 axb5 17. Ba3 Ra5 18. Bc5 Qa8 19. Rxa5 Qxa5 20. c4 bxc4 21. Nxc4
Qa6 22. Nfd2 Bxg2 23. Kxg2 Nd7 24. Re1 Rd8 25. Nb6 Qxe2 26. Rxe2 Bxd4 27. Nxd7
Rxd7 28. Bxd4 Nxd4 29. Re1 f6 30. Nf3 Nf5 31. g4 Ng7 32. h3 Kf7 33. g5 Ne6 34.
gxf6 exf6 35. Re4 Rb7 36. Nd4 Nc5 37. Re3 Rd7 38. Rc3 Na4 39. Rc4 Nb2 40. Rb4
Nd3 41. Ra4 Nf4+ 42. Kh2 Nd3 43. Kg2 Rb7 44. Ra3 Nf4+ 45. Kg3 Nh5+ 46. Kf3 g5
47. Nf5 Kg6 48. Ng3 Ng7 49. Ra6 Rb4 50. Ne4 Rb3+ 51. Kg2 Nh5 52. Ng3 Nf4+ 53.
Kh2 Rf3 54. Ra2 h5 55. h4 gxh4 56. Nf1 Nd3 57. Kg1 Ne5 58. Ne3 h3 59. Ra4 Kg5
60. Ra5 h2+ 61. Kxh2 Rxf2+ 62. Kg1 Re2 63. Nc4 Kf4 64. Nd6 Kg3 65. Nf5+ Kg4 66.
Nh6+ Kf4 67. Kf1 Rd2 68. Ng8 Kg5 69. Ra7 Ng4 70. Ra5+ f5 71. Ne7 Rf2+ 72. Kg1
h4 73. Ra3 Re2 74. Nc6 Rd2 75. Ne7 Rd7 76. Nc6 Rd6 77. Nb4 Rd1+ 78. Kg2 Rd2+
79. Kg1 Ne5 0-1

[Event "HZ Chess Tournament 2024"]
[Site "Vlissingen, Netherlands"]
[Date "2024.08.06"]
[Round "5.3"]
[White "L'Ami, Erwin"]
[Black "Karsay, Pascal"]
[Result "1-0"]
[WhiteElo "2629"]
[BlackElo "2357"]
[PlyCount "85"]

1. d4 Nf6 2. c4 e6 3. Nc3 Bb4 4. e3 O-O 5. Bd2 d5 6. Nf3 b6 7. Rc1 Bb7 8. cxd5
exd5 9. g3 a6 10. Bg2 Re8 11. O-O Nbd7 12. Qb3 Bd6 13. Rfd1 Qe7 14. Be1 Rab8
15. Nh4 Qe6 16. Ne2 g5 17. Nf3 Ne4 18. Nc3 Qf5 19. Nd2 Nxd2 20. Rxd2 Nf6 21.
Qc2 Qe6 22. Qd1 Kg7 23. Rdc2 h5 24. h3 Rh8 25. Nb1 h4 26. g4 Qd7 27. Nd2 Rbe8
28. Nf3 Ne4 29. Bb4 c5 30. dxc5 bxc5 31. Bxc5 Nxc5 32. Rxc5 Bxc5 33. Rxc5 Qe7
34. b4 Kg8 35. Nd4 Rc8 36. Qc2 Rxc5 37. bxc5 Qe5 38. Qb3 Bc8 39. Bxd5 Kg7 40.
Bxf7 Qxc5 41. Be6 Qc1+ 42. Kg2 Re8 43. Qd5 1-0

[Event "HZ Chess Tournament 2024"]
[Site "Vlissingen, Netherlands"]
[Date "2024.08.06"]
[Round "5.4"]
[White "Ferreira, Jorge Viterbo"]
[Black "De Boer, Eelke"]
[Result "1/2-1/2"]
[WhiteElo "2523"]
[BlackElo "2270"]
[PlyCount "43"]

1. d4 Nf6 2. c4 e6 3. Nc3 Bb4 4. Qc2 O-O 5. a3 Bxc3+ 6. Qxc3 d5 7. Nf3 dxc4 8.
Qxc4 b6 9. Bg5 Bb7 10. e3 c5 11. Rd1 cxd4 12. Qxd4 Qxd4 13. Nxd4 Ne4 14. Be7
Re8 15. Bh4 g5 16. Bg3 Nc6 17. Nxc6 Bxc6 18. f3 Nxg3 19. hxg3 Kg7 20. Ba6 Red8
21. Ke2 h6 22. Rxd8 1/2-1/2

[Event "HZ Chess Tournament 2024"]
[Site "Vlissingen, Netherlands"]
[Date "2024.08.06"]
[Round "5.5"]
[White "Stillger, Bernhard"]
[Black "Fernandez, Daniel Howard"]
[Result "0-1"]
[WhiteElo "2263"]
[BlackElo "2519"]
[PlyCount "154"]

1. d4 b5 2. e4 a6 3. Nf3 Bb7 4. Bd3 e6 5. a4 b4 6. O-O d6 7. Qe2 Be7 8. Nbd2
Nf6 9. c4 O-O 10. b3 Nfd7 11. Bb2 Re8 12. Rad1 a5 13. Rfe1 Bf8 14. Nf1 g6 15.
Ng3 e5 16. Bc2 Bg7 17. Qd2 exd4 18. Bxd4 Nc6 19. Bxg7 Kxg7 20. h4 Qf6 21. h5
Nc5 22. Nh2 Qc3 23. h6+ Kh8 24. Ng4 Qxd2 25. Rxd2 Ne5 26. Nf6 Re6 27. Nd5 Rc8
28. f3 f6 29. Kf2 Nf7 30. Rh1 Kg8 31. Ne2 Nd7 32. Nd4 Ree8 33. Bd1 Kf8 34. Nc2
c6 35. Nf4 Ke7 36. Ne3 Rcd8 37. Bc2 Bc8 38. Ne2 Nc5 39. Nd4 Bd7 40. Rdd1 Rc8
41. Rd2 Kd8 42. Ne2 Kc7 43. Nf4 Rcd8 44. Re2 Ne6 45. Nxe6+ Bxe6 46. Rd2 Ne5 47.
Rhd1 Nf7 48. Rh1 Kb6 49. f4 Bc8 50. g3 Re7 51. Kf3 Rde8 52. Ng4 Bxg4+ 53. Kxg4
Kc7 54. Kf3 Nd8 55. Rhd1 Nb7 56. Kf2 Nc5 57. Kg2 Re6 58. Kf3 Nxe4 59. Bxe4 Rxe4
60. Rxd6 Re3+ 61. Kg4 Rxb3 62. Rd7+ Kb6 63. Rxh7 Kc5 64. Ra7 Kxc4 65. h7 f5+
66. Kh4 c5 67. Rd6 Re1 68. Rxg6 Rh1+ 69. Kg5 Rxg3+ 70. Kxf5 Rgh3 71. Rxa5 Rxh7
72. Rc6 R7h5+ 73. Ke4 b3 74. Rb5 Re1+ 75. Kf3 Ra1 76. Rcb6 Rxa4 77. Kg4 Rb4 0-1

[Event "HZ Chess Tournament 2024"]
[Site "Vlissingen, Netherlands"]
[Date "2024.08.06"]
[Round "5.6"]
[White "Hausrath, Daniel"]
[Black "Bezemer, Arno"]
[Result "1/2-1/2"]
[WhiteElo "2469"]
[BlackElo "2223"]
[PlyCount "61"]

1. Nf3 Nf6 2. e3 g6 3. b3 Bg7 4. Bb2 O-O 5. d4 c5 6. dxc5 Qa5+ 7. Nbd2 Qxc5 8.
Bd3 d6 9. O-O Nbd7 10. a3 b6 11. b4 Qc7 12. Qe2 Bb7 13. e4 Nxe4 14. Bxg7 Nxd2
15. Nxd2 Kxg7 16. Qxe7 Rfe8 17. Qh4 Qc3 18. Nb3 Ne5 19. Qd4 Qxd4 20. Nxd4 Nxd3
21. cxd3 Re5 22. Rfd1 Rc8 23. Rd2 Rd5 24. Nc2 Rc3 25. d4 a5 26. Re1 Rb3 27. Ne3
Rh5 28. Nc4 axb4 29. axb4 Rxb4 30. Nxd6 Rd5 31. Nxb7 1/2-1/2

[Event "HZ Chess Tournament 2024"]
[Site "Vlissingen, Netherlands"]
[Date "2024.08.06"]
[Round "5.7"]
[White "Leenhouts, Koen"]
[Black "Den Heijer, Rolinde"]
[Result "1-0"]
[WhiteElo "2446"]
[BlackElo "1769"]
[PlyCount "53"]

1. e4 c5 2. Nf3 d6 3. d4 cxd4 4. Qxd4 Nc6 5. Qe3 g6 6. Bc4 Bg7 7. O-O Nf6 8. h3
O-O 9. Nc3 a6 10. a4 Nd7 11. Qe2 Nc5 12. Be3 Qa5 13. Bd2 Qd8 14. Rab1 Nb4 15.
Bg5 Nc6 16. Rfd1 h6 17. Be3 Qa5 18. Nd5 e6 19. b4 Qd8 20. bxc5 exd5 21. Rxd5
Qe8 22. cxd6 Be6 23. Rdd1 Nd8 24. Bxe6 Qxe6 25. Bb6 Qa2 26. d7 Qxa4 27. Bc5 1-0

[Event "HZ Chess Tournament 2024"]
[Site "Vlissingen, Netherlands"]
[Date "2024.08.06"]
[Round "5.8"]
[White "Honkoop, Gilian"]
[Black "Beukema, Stefan"]
[Result "0-1"]
[WhiteElo "2183"]
[BlackElo "2435"]
[PlyCount "66"]

1. d4 d5 2. c4 c6 3. cxd5 cxd5 4. Bg5 f6 5. Bd2 Nc6 6. Nc3 Bf5 7. e3 e6 8. Nf3
g5 9. Be2 Bd6 10. Rc1 Nge7 11. Na4 Qb8 12. a3 Kf7 13. g4 Be4 14. h4 h5 15. Nc3
hxg4 16. Nxe4 dxe4 17. Ng1 f5 18. h5 Nd5 19. Qb3 Nce7 20. Bc4 a6 21. a4 Ra7 22.
a5 b5 23. axb6 Rb7 24. Ne2 Rxb6 25. Qa2 Rxb2 26. Qxa6 g3 27. fxg3 Bxg3+ 28. Kd1
Bf2 29. Nc3 Rxd2+ 30. Kxd2 Qb2+ 31. Rc2 Bxe3+ 32. Kd1 Nxc3+ 33. Rxc3 Qd2# 0-1

[Event "HZ Chess Tournament 2024"]
[Site "Vlissingen, Netherlands"]
[Date "2024.08.06"]
[Round "5.9"]
[White "Bharath Subramaniyam H"]
[Black "Frayna, Janelle Mae"]
[Result "1-0"]
[WhiteElo "2566"]
[BlackElo "2162"]
[PlyCount "59"]

1. b3 d5 2. Bb2 e6 3. Nf3 Nf6 4. c4 Be7 5. e3 O-O 6. Nc3 c5 7. cxd5 exd5 8. d4
Ne4 9. Bd3 cxd4 10. Nxd4 Bb4 11. Rc1 Nc6 12. Nxc6 bxc6 13. O-O f5 14. Na4 Qd6
15. Qc2 Bd7 16. f3 Ng5 17. a3 Ba5 18. Nc5 Bb6 19. Nxd7 Qxd7 20. Bd4 c5 21. Bxc5
Rac8 22. b4 g6 23. Ba6 Rc7 24. Qd3 Bxc5 25. Rxc5 Rxc5 26. bxc5 Ne6 27. Bc4 Rd8
28. Rd1 Nxc5 29. Bxd5+ Kf8 30. Qd4 1-0

[Event "HZ Chess Tournament 2024"]
[Site "Vlissingen, Netherlands"]
[Date "2024.08.06"]
[Round "5.10"]
[White "Provoost, Simon"]
[Black "Ikonnikov, Vyacheslav"]
[Result "0-1"]
[WhiteElo "2198"]
[BlackElo "2447"]
[PlyCount "82"]

1. d4 Nf6 2. Bf4 e6 3. e3 c5 4. c3 Be7 5. Nd2 b6 6. h3 Bb7 7. Ngf3 O-O 8. Bd3
d6 9. O-O Nbd7 10. Re1 a6 11. a4 cxd4 12. exd4 Qc7 13. Bh2 Rfe8 14. Rc1 Bf8 15.
Nc4 h6 16. Ne3 Bc6 17. Bf1 Qb7 18. Nc4 Qc7 19. Ne3 b5 20. axb5 axb5 21. d5 exd5
22. Nd4 Reb8 23. Ndc2 Nb6 24. Nb4 Nc4 25. Rb1 Re8 26. Nexd5 Nxd5 27. Rxe8 Rxe8
28. Nxd5 Qb7 29. Nf4 Be4 30. Bd3 d5 31. Ne2 Bc5 32. Bg3 Qa7 33. Qc2 Qa2 34. Nc1
Bxd3 35. Qxd3 Re1+ 36. Kh2 Qxb1 37. Qxb1 Nd2 38. Qd3 Nf1+ 39. Kg1 Nxg3+ 40. Kh2
Bxf2 41. h4 Rh1# 0-1

[Event "HZ Chess Tournament 2024"]
[Site "Vlissingen, Netherlands"]
[Date "2024.08.06"]
[Round "5.11"]
[White "De Winter, Arthur"]
[Black "Grooten, Tommy"]
[Result "1-0"]
[WhiteElo "2411"]
[BlackElo "2146"]
[PlyCount "93"]

1. d4 c5 2. d5 Nf6 3. c4 b5 4. cxb5 a6 5. e3 g6 6. Nc3 Bg7 7. Nf3 O-O 8. a4 Bb7
9. Ra3 e6 10. dxe6 fxe6 11. Be2 d5 12. O-O a5 13. h3 Nbd7 14. Qc2 Qe7 15. e4 d4
16. e5 Nd5 17. Bg5 Qe8 18. Ne4 Nb4 19. Qb1 Qb8 20. Be7 d3 21. Bxd3 Rxf3 22.
gxf3 Nxe5 23. Be2 Nd5 24. Bg5 Qf8 25. Qc1 c4 26. f4 Nd3 27. Qxc4 N3xf4 28. Nf6+
Bxf6 29. Bxf4 Qf7 30. Bg3 Rc8 31. Qd3 Nb4 32. Qd6 Rd8 33. Qc7 Rd7 34. Qxa5 Nc2
35. Bf3 Bd8 36. Qc3 Nd4 37. Bd1 Qf5 38. Kh2 Qd5 39. Rg1 Be7 40. b4 Bf6 41. Qc5
Be7 42. Qxd5 Rxd5 43. Bf3 Nxf3+ 44. Rxf3 Bxb4 45. Re3 Kf7 46. Rc1 Ba5 47. b6
1-0

[Event "HZ Chess Tournament 2024"]
[Site "Vlissingen, Netherlands"]
[Date "2024.08.06"]
[Round "5.12"]
[White "Vantorre, Nils"]
[Black "Arfan, Aditya Bagus"]
[Result "0-1"]
[WhiteElo "2153"]
[BlackElo "2405"]
[PlyCount "78"]

1. e4 c6 2. d4 d5 3. e5 Bf5 4. h4 h5 5. Bd3 Bxd3 6. Qxd3 Qa5+ 7. b4 Qxb4+ 8.
Nd2 e6 9. Rb1 Qe7 10. c4 Nh6 11. Ne2 Qd7 12. Ng3 c5 13. dxc5 Nc6 14. Nf3 Ng4
15. cxd5 Bxc5 16. O-O Qxd5 17. Qxd5 exd5 18. Rxb7 Nd8 19. Rb3 Rc8 20. Ba3 g6
21. Bxc5 Rxc5 22. Rd1 O-O 23. Rbd3 Ne6 24. Rxd5 Rxd5 25. Rxd5 Rc8 26. Nf1 Nf4
27. Rd2 Rc1 28. e6 Nxe6 29. g3 Nc5 30. Rd8+ Kg7 31. Rc8 Nxf2 32. Rxc5 Nh3+ 33.
Kg2 Rxc5 34. Kxh3 Ra5 35. g4 hxg4+ 36. Kxg4 Rxa2 37. Ne3 Ra4+ 38. Kg3 Re4 39.
Kf2 a5 0-1

[Event "HZ Chess Tournament 2024"]
[Site "Vlissingen, Netherlands"]
[Date "2024.08.06"]
[Round "5.13"]
[White "Karacsonyi, Gellert"]
[Black "Timmermans, Ivo"]
[Result "1-0"]
[WhiteElo "2395"]
[BlackElo "2146"]
[PlyCount "77"]

1. e4 e5 2. Nf3 Nc6 3. d4 exd4 4. Bc4 Bc5 5. Ng5 Nh6 6. Nxf7 Nxf7 7. Bxf7+ Kxf7
8. Qh5+ g6 9. Qxc5 d6 10. Qc4+ Kg7 11. O-O Re8 12. Nd2 Be6 13. Qe2 d5 14. f3
Qd6 15. Qf2 Qc5 16. Nb3 Qb6 17. Bf4 Rad8 18. e5 Rd7 19. Rfe1 d3 20. cxd3 Qxf2+
21. Kxf2 Nb4 22. Red1 Bf5 23. Nc5 Rf7 24. Bd2 Nc6 25. d4 b6 26. Nb3 a5 27. Rdc1
Nd8 28. Be3 Bd3 29. Rc3 Bc4 30. Nd2 Bb5 31. a4 Ba6 32. h4 Ne6 33. Nb3 Bc4 34.
Rac1 c5 35. Rd1 Rc7 36. dxc5 Bxb3 37. Rxb3 d4 38. Bxd4 bxc5 39. Bc3 1-0

[Event "HZ Chess Tournament 2024"]
[Site "Vlissingen, Netherlands"]
[Date "2024.08.06"]
[Round "5.14"]
[White "Van Delft, Merijn"]
[Black "Van Doren, Bas"]
[Result "1-0"]
[WhiteElo "2360"]
[BlackElo "2129"]
[PlyCount "97"]

1. e4 c5 2. Nf3 e6 3. d4 cxd4 4. Nxd4 a6 5. Bd3 Bc5 6. Nb3 Ba7 7. Qe2 Nc6 8.
Be3 d6 9. c4 e5 10. Bxa7 Rxa7 11. O-O Nge7 12. Rd1 Nd4 13. Nxd4 exd4 14. Bc2
O-O 15. Qd2 Nc6 16. Ba4 Ne5 17. f4 Nxc4 18. Qxd4 Qb6 19. Bb3 Qxd4+ 20. Rxd4 b5
21. Bxc4 bxc4 22. Nd2 f5 23. exf5 Bxf5 24. Nxc4 Rc7 25. Rad1 Be6 26. Nxd6 Bxa2
27. R1d2 Bb3 28. g4 a5 29. Kg2 h6 30. h3 Be6 31. Re4 Bd7 32. Kg3 Rf6 33. Re5 a4
34. f5 Ra7 35. Ne4 Rf7 36. Nc5 a3 37. bxa3 Rxa3+ 38. Kh2 Bc6 39. Ne6 Rd7 40.
Rxd7 Bxd7 41. Nxg7 Kxg7 42. Re7+ Kf6 43. Rxd7 h5 44. Rh7 hxg4 45. hxg4 Kg5 46.
Rg7+ Kf6 47. Rg6+ Kf7 48. Kg2 Rb3 49. Re6 1-0

[Event "HZ Chess Tournament 2024"]
[Site "Vlissingen, Netherlands"]
[Date "2024.08.06"]
[Round "5.15"]
[White "Sorbe, Stephane"]
[Black "Manshanden, Nick"]
[Result "0-1"]
[WhiteElo "2343"]
[BlackElo "2040"]
[PlyCount "96"]

1. e4 e6 2. d4 d5 3. Nd2 c5 4. exd5 Qxd5 5. Ngf3 cxd4 6. Bc4 Qd7 7. O-O Nc6 8.
Nb3 Nf6 9. Nbxd4 Nxd4 10. Nxd4 a6 11. Re1 Bc5 12. c3 b5 13. Bb3 Bxd4 14. cxd4
Bb7 15. Bg5 Rd8 16. Bxf6 gxf6 17. Qh5 Bd5 18. Rac1 Bxb3 19. axb3 Qd5 20. Qxd5
Rxd5 21. Rc8+ Rd8 22. Rec1 O-O 23. R8c6 Rxd4 24. h3 Rd2 25. Rxa6 Rxb2 26. Rc3
Rd8 27. Rb6 Rd1+ 28. Kh2 Rd5 29. f4 Rf2 30. Rb7 h5 31. Rc8+ Kg7 32. Rbb8 Kg6
33. Rh8 Rxf4 34. Kg3 e5 35. Rbg8+ Kf5 36. Rxh5+ Ke4 37. Rh7 Rd3+ 38. Kh2 Rxb3
39. h4 Rb1 40. Rhh8 Ke3 41. Rg3+ Kf2 42. Rh3 e4 43. Ra8 e3 44. Ra2+ e2 45. h5
Rd1 46. h6 Rd8 47. g4 Rxg4 48. h7 Rg2+ 0-1

[Event "HZ Chess Tournament 2024"]
[Site "Vlissingen, Netherlands"]
[Date "2024.08.06"]
[Round "5.16"]
[White "Hirzel, Cedric"]
[Black "Syrov, Arkadi"]
[Result "0-1"]
[WhiteElo "2116"]
[BlackElo "2316"]
[PlyCount "72"]

1. d4 Nf6 2. c4 e6 3. Nf3 d5 4. Nc3 Bb4 5. Qa4+ Nc6 6. e3 O-O 7. Bd2 Bd7 8. Qc2
Re8 9. a3 Bf8 10. Bd3 e5 11. cxd5 Nxd4 12. exd4 e4 13. Nxe4 Nxe4 14. Bxe4 f5
15. Ne5 fxe4 16. Qxe4 Bb5 17. f4 Bc4 18. Kf2 Bxd5 19. Qe3 Bd6 20. Rhe1 Bxe5 21.
dxe5 Qd7 22. Rad1 Qf5 23. h3 h5 24. Rg1 Rad8 25. g4 hxg4 26. Rxg4 Bf7 27. Rg3
Rd7 28. Rdg1 Qc2 29. Rxg7+ Kh8 30. Ke1 Red8 31. R7g2 Bh5 32. f5 Qd1+ 33. Kf2
Rxd2+ 34. Kg3 R2d3 35. Rxd1 Rxe3+ 36. Kf4 Rf3+ 0-1

[Event "HZ Chess Tournament 2024"]
[Site "Vlissingen, Netherlands"]
[Date "2024.08.06"]
[Round "5.17"]
[White "Rappazzo, Johannes"]
[Black "Van der Werf, Joel"]
[Result "1/2-1/2"]
[WhiteElo "2278"]
[BlackElo "2114"]
[PlyCount "61"]

1. e4 c5 2. Nf3 Nc6 3. d4 cxd4 4. Nxd4 Nf6 5. Nc3 e5 6. Ndb5 d6 7. Bg5 a6 8.
Na3 b5 9. Nd5 Be7 10. Bxf6 Bxf6 11. c3 Bg5 12. Nc2 Ne7 13. h4 Bh6 14. a4 bxa4
15. Ncb4 O-O 16. Qxa4 a5 17. Bb5 Nxd5 18. Nxd5 Be6 19. Bc6 Rb8 20. b4 axb4 21.
cxb4 Kh8 22. b5 Bxd5 23. Bxd5 Qb6 24. Rh3 f5 25. Rf3 fxe4 26. Bxe4 g6 27. Rb1
Rxf3 28. gxf3 d5 29. Bxd5 Be3 30. Qc2 Bd4 31. Qc6 1/2-1/2

[Event "HZ Chess Tournament 2024"]
[Site "Vlissingen, Netherlands"]
[Date "2024.08.06"]
[Round "5.18"]
[White "Margarido, Jose Miguel Tei"]
[Black "Grochal, Joey"]
[Result "1/2-1/2"]
[WhiteElo "2112"]
[BlackElo "2251"]
[PlyCount "60"]

1. c4 Nf6 2. g3 c6 3. Nf3 d5 4. Bg2 Bf5 5. Qb3 Qb6 6. d3 e6 7. Be3 Qxb3 8. axb3
Na6 9. O-O h6 10. Nd4 Bh7 11. Nxc6 Nc5 12. Rxa7 Rxa7 13. Nxa7 Nxb3 14. Nb5 Kd7
15. N1c3 dxc4 16. dxc4 Bc5 17. Bxc5 Nxc5 18. Ra1 Nfe4 19. Ra3 Nxc3 20. Nxc3 Kc7
21. b3 Kb8 22. Ra5 Nd7 23. c5 Rc8 24. Nb5 Nxc5 25. Nd6 Nxb3 26. Nxc8 Nxa5 27.
Nd6 Nb3 28. Nxf7 Kc7 29. Ne5 Nd4 30. e3 Nc2 1/2-1/2

[Event "HZ Chess Tournament 2024"]
[Site "Vlissingen, Netherlands"]
[Date "2024.08.06"]
[Round "5.19"]
[White "Kumar, Prajit Sai"]
[Black "Kazarjan, Gachatur"]
[Result "0-1"]
[WhiteElo "2185"]
[BlackElo "2100"]
[PlyCount "110"]

1. e4 c5 2. Nf3 d6 3. d4 cxd4 4. Nxd4 Nf6 5. Nc3 g6 6. Be3 Bg7 7. f3 a6 8. Qd2
h5 9. Bc4 b5 10. Bd5 Nxd5 11. Nxd5 Bb7 12. Bg5 Bxd5 13. exd5 Qb6 14. O-O-O Qxd4
15. Qxd4 Bxd4 16. Rxd4 Nd7 17. b3 f6 18. Bd2 Kf7 19. a4 Rhc8 20. Kb2 Nb6 21.
Ba5 Nd7 22. Bd2 Nb6 23. Ba5 Nd7 24. Ra1 Nc5 25. axb5 axb5 26. Bd2 Rxa1 27. Kxa1
Na6 28. Kb2 Rc5 29. b4 Rc8 30. Kb3 Ke8 31. g4 hxg4 32. fxg4 Kd7 33. h4 Rh8 34.
Be1 Nc7 35. c4 g5 36. hxg5 Rh3+ 37. Bc3 fxg5 38. c5 dxc5 39. bxc5 Rf3 40. Kc2
Rf4 41. Kd3 Rf3+ 42. Kd2 Na6 43. d6 Nb8 44. Rd5 Nc6 45. dxe7+ Kxe7 46. Rxg5 b4
47. Bb2 Na5 48. Re5+ Kd7 49. Re4 Rb3 50. Be5 Kc6 51. g5 Kd5 52. g6 Kxe4 53. g7
Rd3+ 54. Kc2 b3+ 55. Kb1 Nc4 0-1

[Event "HZ Chess Tournament 2024"]
[Site "Vlissingen, Netherlands"]
[Date "2024.08.06"]
[Round "5.21"]
[White "Vantorre, Nils"]
[Black "Arfan, Aditya Bagus"]
[Result "1-0"]
[WhiteElo "2153"]
[BlackElo "2405"]
[PlyCount "117"]

1. e4 e5 2. Nf3 Nc6 3. Bb5 a6 4. Bxc6 dxc6 5. d4 exd4 6. Qxd4 Qxd4 7. Nxd4 Bd7
8. Nc3 O-O-O 9. Bd2 Ne7 10. O-O-O f5 11. Bg5 fxe4 12. Nxe4 h6 13. Bf4 b6 14.
Rhe1 Ng6 15. Bg3 c5 16. Nf3 Be7 17. Ne5 Nxe5 18. Bxe5 Rhg8 19. Nc3 Rde8 20. Nd5
Bd8 21. h3 Rgf8 22. f4 Rf7 23. g4 g6 24. c4 h5 25. Rg1 hxg4 26. hxg4 Rh7 27. g5
Bf5 28. Nf6 Bxf6 29. gxf6 Rh2 30. Rd2 Rxd2 31. Kxd2 Rd8+ 32. Ke3 Kb7 33. Rh1
Rd7 34. Rh8 Be6 35. b3 b5 36. Re8 Bf7 37. Re7 Kc6 38. cxb5+ axb5 39. a4 bxa4
40. Rxd7 Kxd7 41. bxa4 Bc4 42. Kf3 Ke6 43. Kg4 c6 44. Kg5 Kf7 45. Bd6 Ba6 46.
Bxc5 Bc4 47. a5 Ba6 48. f5 gxf5 49. Kxf5 Bc4 50. Ke5 Ke8 51. Kd4 Be2 52. Bd6
Kf7 53. Be5 c5+ 54. Kxc5 Ke6 55. Bc3 Kd7 56. Kb6 Bf3 57. a6 Bd5 58. a7 Bf3 59.
Be1 1-0

[Event "HZ Chess Tournament 2024"]
[Site "Vlissingen, Netherlands"]
[Date "2024.08.06"]
[Round "5.22"]
[White "Omota, Vlad"]
[Black "Goossens, Hanne"]
[Result "1-0"]
[WhiteElo "1945"]
[BlackElo "2172"]
[PlyCount "117"]

1. e4 e5 2. Bc4 Nf6 3. d3 Bc5 4. Nf3 d6 5. c3 Nc6 6. a4 a5 7. O-O Ba7 8. Re1 h6
9. Na3 O-O 10. h3 Ne7 11. Ba2 Ng6 12. d4 Re8 13. Bb1 Be6 14. d5 Bd7 15. Nc4 Nh5
16. Bd3 Nhf4 17. Bf1 f5 18. exf5 Bxf5 19. Be3 Rf8 20. Kh2 Qf6 21. Bxa7 Rxa7 22.
Ng1 Ne7 23. Ne3 Bd7 24. f3 Nh5 25. Ne2 Ng6 26. Ng4 Qf7 27. c4 e4 28. Ra3 Raa8
29. fxe4 Bxg4 30. hxg4 Nhf4 31. Ng3 Ne5 32. Be2 Qg6 33. Bf3 Qg5 34. Nf1 Nxf3+
35. Rxf3 Qxg4 36. Rg3 Qh4+ 37. Kg1 Qf6 38. Ne3 Kh8 39. b3 g6 40. Ng4 Qh4 41.
Ree3 h5 42. Nf2 Rf7 43. Nh3 Raf8 44. Ng5 Rf6 45. Qe1 R6f7 46. Nxf7+ Rxf7 47. e5
dxe5 48. Rxe5 Kg7 49. Re8 Kh7 50. Rge3 Qg5 51. Rg3 Qh4 52. Qc3 Rf6 53. Re7+ Kh6
54. Qe3 g5 55. Re6 Nxe6 56. dxe6 Qf4 57. e7 Qf1+ 58. Kh2 h4 59. Qxg5+ 1-0

[Event "HZ Chess Tournament 2024"]
[Site "Vlissingen, Netherlands"]
[Date "2024.08.06"]
[Round "5.23"]
[White "Verhoef, Harry"]
[Black "Perestjuk, Marko"]
[Result "0-1"]
[WhiteElo "1852"]
[BlackElo "2171"]
[PlyCount "40"]

1. e4 c5 2. Nc3 a6 3. Nf3 b5 4. d4 cxd4 5. Nxd4 Bb7 6. a3 d6 7. Bd3 g6 8. Be3
Nf6 9. O-O Bg7 10. f4 Nbd7 11. Qf3 O-O 12. Rae1 Re8 13. Nb3 Rc8 14. Bd2 Nc5 15.
Nc1 d5 16. exd5 Nxd5 17. Qh3 Nxd3 18. Qxd3 Qb6+ 19. Be3 Nxe3 20. Qxe3 Bd4 0-1

[Event "HZ Chess Tournament 2024"]
[Site "Vlissingen, Netherlands"]
[Date "2024.08.06"]
[Round "5.24"]
[White "Van Baar, Esper"]
[Black "Harreman, Joeri"]
[Result "0-1"]
[WhiteElo "2248"]
[BlackElo "1658"]
[PlyCount "68"]

1. Nf3 Nf6 2. g3 d5 3. Bg2 c5 4. O-O e6 5. c4 d4 6. e3 Nc6 7. exd4 cxd4 8. d3
Bd6 9. Bg5 h6 10. Bxf6 Qxf6 11. Nbd2 Qe7 12. Ne4 Bc7 13. a3 a5 14. b4 axb4 15.
axb4 Rxa1 16. Qxa1 f5 17. Ned2 Nxb4 18. Qxd4 e5 19. Qc3 O-O 20. Re1 Nc6 21. Qb3
Rd8 22. Nf1 Kh7 23. Ne3 Bd6 24. Nd5 Qe8 25. Qb5 Qf8 26. Nb6 Be6 27. Na4 Bb4 28.
Rb1 Qd6 29. Qxb7 Qxd3 30. Rxb4 Nxb4 31. Qxb4 Qd1+ 32. Qe1 Qxa4 33. Qxe5 Rd1+
34. Ne1 Qb4 0-1

[Event "HZ Chess Tournament 2024"]
[Site "Vlissingen, Netherlands"]
[Date "2024.08.06"]
[Round "5.25"]
[White "Riksen, John"]
[Black "De Jong, Migchiel"]
[Result "0-1"]
[WhiteElo "2011"]
[BlackElo "2295"]
[PlyCount "212"]

1. d4 e6 2. Nf3 c5 3. e3 Nf6 4. Bd3 b6 5. Qe2 Bb7 6. Nbd2 Be7 7. O-O cxd4 8.
exd4 O-O 9. c3 d6 10. Re1 Nbd7 11. Nc4 Nd5 12. Qc2 N7f6 13. Bg5 Rc8 14. Qe2 h6
15. Be3 Re8 16. Rad1 Bf8 17. h3 Nxe3 18. Nxe3 Qc7 19. Bb5 Red8 20. a3 Rb8 21.
Rc1 g6 22. Red1 Bg7 23. Nh2 h5 24. Nf3 Bh6 25. Ra1 Kg7 26. Ba4 a6 27. Bb3 b5
28. Re1 a5 29. Rad1 Re8 30. Rf1 Bc6 31. Kh1 Be4 32. Nd2 Ba8 33. Nf3 Bf4 34. Ne1
Bc6 35. Nd3 Bh6 36. Rg1 Be4 37. Ne1 Qd7 38. Nf3 Qb7 39. Nd2 Bc6 40. Kh2 Qb6 41.
Nf3 Qc7 42. Kh1 Qb7 43. Ne1 Re7 44. Nd3 Rbe8 45. Kh2 Be4 46. Kh1 Qd7 47. Kh2
Rh8 48. Rgf1 Qc7 49. Kg1 Rb8 50. Rfe1 Ree8 51. Rf1 Kg8 52. Kh1 Bg7 53. Kg1 Ba8
54. Rfe1 Ne4 55. Rc1 Qe7 56. Nf1 Qg5 57. f3 Nf6 58. Qe3 Qh4 59. Qf2 Qxf2+ 60.
Kxf2 Nd5 61. Rcd1 Nb6 62. Nd2 Rec8 63. Ne4 Rd8 64. Re2 Rbc8 65. Ng5 Nc4 66.
Rde1 Bf6 67. Ne4 Bh4+ 68. g3 Be7 69. h4 Kg7 70. Kg2 Nb6 71. Nf4 Nc4 72. Nd3 Bd5
73. Bc2 Nb6 74. Nf4 Bc4 75. Bd3 Bxd3 76. Nxd3 Nd5 77. f4 b4 78. axb4 axb4 79.
Nxb4 Nxb4 80. cxb4 d5 81. Nc5 Rb8 82. Nd3 Bxb4 83. Nxb4 Rxb4 84. Rd1 Rc8 85.
Kf2 Rb3 86. Rdd2 Rc1 87. Rc2 Rxc2 88. Rxc2 Rd3 89. b4 Rb3 90. Rd2 Kf6 91. b5
Rxb5 92. Rd3 Kf5 93. Kf3 Rb4 94. Ke3 Kg4 95. Kf2 Rb2+ 96. Kf1 Rc2 97. Kg1 Kf5
98. Kf1 Ke4 99. Rb3 Rc7 100. Rb4 Kf3 101. Rb3+ Kg4 102. Kf2 Rc2+ 103. Kf1 Rd2
104. Rb7 Kxg3 105. Rxf7 Rf2+ 106. Ke1 Rxf4 0-1

[Event "HZ Chess Tournament 2024"]
[Site "Vlissingen, Netherlands"]
[Date "2024.08.06"]
[Round "5.26"]
[White "Gosman, Theo"]
[Black "Duijker, Rick"]
[Result "1/2-1/2"]
[WhiteElo "2003"]
[BlackElo "2186"]
[PlyCount "87"]

1. d4 e6 2. e4 d5 3. Be3 dxe4 4. f3 Nf6 5. Nd2 Nd5 6. Qe2 c5 7. dxc5 Qa5 8.
fxe4 Nxe3 9. Qxe3 Bxc5 10. Qb3 Bf2+ 11. Kxf2 Qxd2+ 12. Ne2 O-O 13. Qc3 Qxc3 14.
Nxc3 Rd8 15. Be2 Nc6 16. Rhd1 Bd7 17. Rd2 Kf8 18. Rad1 Ke7 19. Na4 Ne5 20. Nc5
b6 21. Nxd7 Rxd7 22. Rxd7+ Nxd7 23. Bb5 Ne5 24. h3 h5 25. g3 Rc8 26. c3 h4 27.
g4 g5 28. a4 a5 29. Ke3 Rc7 30. Rd4 Ng6 31. Rc4 Rc5 32. Rxc5 bxc5 33. b4 cxb4
34. cxb4 axb4 35. a5 Kd6 36. a6 Kc7 37. Kd2 Ne5 38. Kc2 Nf3 39. Kb3 Nd2+ 40.
Kxb4 Kb6 41. Bd3 Nf3 42. Kc3 Ne5 43. Be2 Nc6 44. Bf1 1/2-1/2

[Event "HZ Chess Tournament 2024"]
[Site "Vlissingen, Netherlands"]
[Date "2024.08.06"]
[Round "5.27"]
[White "Van Gool, Henk"]
[Black "Verweij, David"]
[Result "1/2-1/2"]
[WhiteElo "2172"]
[BlackElo "2001"]
[PlyCount "80"]

1. c4 Nf6 2. Nc3 g6 3. Nf3 Bg7 4. d4 d6 5. Bg5 Nbd7 6. e3 c6 7. Be2 h6 8. Bh4
O-O 9. Qc2 a6 10. a4 Qe8 11. a5 e5 12. O-O Nh7 13. dxe5 dxe5 14. Ne4 g5 15. Bg3
f5 16. Nd6 Qg6 17. c5 e4 18. Nd2 Kh8 19. f4 gxf4 20. Bxf4 Nhf6 21. N2c4 Nd5 22.
Rad1 h5 23. Kh1 h4 24. g3 hxg3 25. Bxg3 Qe6 26. Bf4 Ne5 27. Bxe5 Bxe5 28. Nxe4
Bxh2 29. Bg4 Bf4 30. Rxf4 Qh6+ 31. Kg2 Nxf4+ 32. exf4 Qxf4 33. Rh1+ Kg8 34. Qc3
Qxg4+ 35. Ng3 Qg7 36. Ne5 f4 37. Qb3+ Rf7 38. Nxf7 Be6 39. Qxe6 Qxg3+ 40. Kf1
Qf3+ 1/2-1/2